| 000 | 00561nam a22001697a 4500 | ||
|---|---|---|---|
| 008 | 151130b xxu||||| |||| 00| 0 eng d | ||
| 050 | _aQ175.T4965 2002 | ||
| 100 |
_aNickles, Thomas _eeditor _918410 |
||
| 245 |
_aThomas Kuhn _c/edited by Thomas Nickles |
||
| 260 |
_aCambridge _bCambridge University Press _c2002 |
||
| 300 |
_axiii, 298p. ; _c23cm. |
||
| 440 |
_aContemporary Philosophy in focus _921195 |
||
| 600 |
_2Science _xPhilosophy _921196 |
||
| 600 |
_aKuhn, Thomas S. _93937 |
||
| 650 |
_aScience _xPhilosophy _921197 |
||
| 942 |
_2lcc _cMONOGRAPH |
||
| 999 |
_c123823 _d123823 |
||